000 00362 a2200157 4500
001 71380
020 _a8516043452
040 _cAnchieta - Colégio São Paulo
100 _aMachado, Ana Maria
240 1 0 _aCadê meu travesseiro?
_lpor
245 1 0 _aCadê meu travesseiro?
300 _a[32]
362 0 _a2004
650 4 _aLiteratura infantil
942 _cBK
999 _c71380
_d71380